Finančná analýza v kontexte manažérskeho rozhodovania
Zobrazenie využitia účtovných informácií v rozhodovacích procesoch pre manažérov podniku, vzhľadom k tomu, že úspešnosť podnikateľských subjektov závisí od ich kvalifikovaného rozhodnutia. Aby manažment subjektu mohol relevantne rozhodnúť o ďalšom smerovaní podniku, potrebuje podrobné informácie z ú...
Gespeichert in:
| 1. Verfasser: | |
|---|---|
| Format: | Buchkapitel |
| Sprache: | Slowakisch |
| Schlagworte: | |
| Tags: |
Keine Tags, Fügen Sie das erste Tag hinzu!
|
MARC
| LEADER | 00000nla a2200000 4500 | ||
|---|---|---|---|
| 001 | 0237953 | ||
| 005 | 20240417075129.9 | ||
| 041 | 0 | |a slo | |
| 044 | |a SK | ||
| 245 | 1 | 0 | |a Finančná analýza v kontexte manažérskeho rozhodovania |c Viera Ölvecká |
| 520 | |a Zobrazenie využitia účtovných informácií v rozhodovacích procesoch pre manažérov podniku, vzhľadom k tomu, že úspešnosť podnikateľských subjektov závisí od ich kvalifikovaného rozhodnutia. Aby manažment subjektu mohol relevantne rozhodnúť o ďalšom smerovaní podniku, potrebuje podrobné informácie z účtovníctva o vstupoch a výstupoch a aj tie, ktoré sa týkajú finančného zdravia podniku. Význam účtovných informácií pre manažment nesporný. | ||
| 610 | 2 | 0 | |a analýza finančná |
| 610 | 2 | 0 | |a informácie účtovné |
| 610 | 2 | 0 | |a rozhodovanie manažérske |
| 610 | 2 | 0 | |a ukazovatele pomerové |
| 100 | 1 | |a Ölvecká, Viera | |